000 00443nam a2200133Ia 4500
008 100328s9999 xx 000 0 und d
082 _b57845
100 _aसावंत पंढरीनाथ
245 _aअॅटमबॉम्ब स्पाईज
260 _bप्राजक्ता
630 _aअॅटमबॉम्ब स्पाईज
730 _aअॅटमबॉम्ब स्पाईज
942 _cBOOK
999 _c544250
_d544247